Países que começam com P - Statistics

Estatísticas Gerais
  • Esse quiz foi jogado 137 vezes
  • A pontuação média é 7 de 9
Estatísticas das Respostas
Resposta % Correto
Portugal
94%
Paquistão
92%
Polônia
84%
Paraguai
81%
Palau
77%
Peru
77%
Panamá
74%
Papua Nova Guiné
57%
Países Baixos
35%
Nenhum quiz correspondente encontrado
Distribuição das Pontuações
Porcentagem de Pessoas com Cada Pontuação
Percentil de Números Respondidos
Sua Pontuação Histórica
Você não jogou esse quiz